| 000 | 00894nam a2200229 a 4500 | ||
|---|---|---|---|
| 001 | 000292561 | ||
| 003 | AM-YeHGA | ||
| 005 | 20250617125924.0 | ||
| 008 | 031210s1989 ai r 000 0 rus d | ||
| 020 | _a5250006450 | ||
| 040 | _aAM-YeHGA | ||
| 041 | 0 | _arus | |
| 100 | 1 | _aЛебедев, Александр Александрович. | |
| 245 | 1 | 0 |
_aЧесть : _bДухов. судьба и жизн. участь И.Д. Якушкина / _cАлександр Лебедев. |
| 260 |
_aМосква : _bПолитиздат, _c1989. |
||
| 300 |
_a400 с. _b[7] л. ил. |
||
| 600 | 1 | 4 | _aЯкушкин, Иван Дмитриевич |
| 653 | 0 | _aДекабристы | |
| 653 | 0 | _aРеволюционное движение в России - История - 19 в. | |
| 653 | 0 | _aОбщественная мысль в России - История - 19 в. | |
| 090 | _c108467 | ||
| 999 |
_c107140 _d107140 |
||